000 00501nam a2200169Ia 4500
008 090124s9999 xx 000 0 und d
082 _b118267
100 _aबाविस्कर भाऊ
245 _a अखेरचा मुजरा
250 _a0
300 _a116
600 _aबाविस्कर भाऊ
630 _a अखेरचा मुजरा
700 _aबाविस्कर भाऊ
730 _a अखेरचा मुजरा
942 _cBOOK
999 _c164354
_d164354